| 000 | 02444nam0a2200337 4500 | ||
|---|---|---|---|
| 001 | RU\NLR\bibl\573183 | ||
| 005 | 20260407084502.0 | ||
| 010 |
_a5-89846-374-7 _9100 |
||
| 021 |
_aRU _b2004-58902 _92900 |
||
| 035 | _a(NLR Aleph) 000565236 | ||
| 090 |
_a1557830 _c1557830 |
||
| 100 | _a20041111d2004 |||y0rusy50 ca | ||
| 101 | 0 | _arus | |
| 102 | _aRU | ||
| 105 | _aa ||||||||| | ||
| 200 | 1 |
_aО роли государственных органов власти и органов местного самоуправления в оптимизации отношений между коренными жителями и недропользователями _eИнформ. сб. по материалам выезд. заседания круглого стола в г. Покачи _fПод ред. зам. Пред. Думы, пред. Ассамблеи представителей коренных малочисл. народов Севера Е.Д. Айпина и др. |
|
| 210 |
_aХанты-Мансийск _cПолиграфист _d2004 |
||
| 215 |
_a30 с. _cцв. ил. _d21 |
||
| 300 | _aВ надзаг.: Рос. Федерация, Дума Ханты-Мансийс. авт. округа - Югры, Ассамблея представителей коренных малочисл. народов Севера | ||
| 606 | 0 |
_aНароды Севера Российской Федерации _jСъезды, совещания и т.п. _xЗащита прав _92278855 _3RU\NLR\auth\661365441 |
|
| 606 | 0 |
_aНароды Севера Российской Федерации _jСъезды, совещания и т.п. _xТрадиционное природопользование _92262073 _3RU\NLR\auth\661356246 |
|
| 606 | 0 |
_aПриродные ресурсы _jСъезды, совещания и т.п. _xИспользование _yРоссийская Федерация _yСевер _92107824 _3RU\NLR\auth\661274134 |
|
| 686 | _aХ625.91я431 | ||
| 686 | _aХ620.32я431 | ||
| 702 | 1 |
_4340 _8rus _7ca _aАйпин _bЕ. Д. _f1948- _gЕремей Данилович _3RU\NLR\auth\777188 _9117127 |
|
| 712 | 0 | 2 |
_4570 _aАссамблея представителей коренных малочисленных народов Севера _cХанты-Мансийск _3RU\NLR\AUTH\8810045520 _9590522 |
| 801 | 0 |
_aRU _bNLR _c20041111 _gPSBO |
|
| 801 | 1 |
_aRU _bNLR _c20041111 |
|
| 942 | _cBOOK | ||
| 980 | _aNB | ||